<?xml version="1.0" encoding="UTF-8"?>
<record
    xmlns:xsi="http://www.w3.org/2001/XMLSchema-instance"
    xsi:schemaLocation="http://www.loc.gov/MARC21/slim http://www.loc.gov/standards/marcxml/schema/MARC21slim.xsd"
    xmlns="http://www.loc.gov/MARC21/slim">

  <leader>00577nam a2200205 a 4500</leader>
  <controlfield tag="001">156063</controlfield>
  <controlfield tag="003">OSt</controlfield>
  <controlfield tag="005">20220525110454.0</controlfield>
  <controlfield tag="008">180419                ###          HIN  </controlfield>
  <datafield tag="020" ind1=" " ind2=" ">
    <subfield code="a">9788171413119</subfield>
  </datafield>
  <datafield tag="082" ind1=" " ind2=" ">
    <subfield code="a">370.954</subfield>
    <subfield code="b">C97C</subfield>
  </datafield>
  <datafield tag="245" ind1=" " ind2=" ">
    <subfield code="a">Current trends in Indian education</subfield>
    <subfield code="c">edited by D. Bhaskara Rao and K.R.S. Sambasiva Rao</subfield>
  </datafield>
  <datafield tag="260" ind1=" " ind2=" ">
    <subfield code="a">New Delhi</subfield>
    <subfield code="b">Discovery Publishing </subfield>
    <subfield code="c">2017, 2020</subfield>
  </datafield>
  <datafield tag="300" ind1=" " ind2=" ">
    <subfield code="a">224p.</subfield>
  </datafield>
  <datafield tag="653" ind1=" " ind2=" ">
    <subfield code="a">India</subfield>
  </datafield>
  <datafield tag="653" ind1=" " ind2=" ">
    <subfield code="a">Education</subfield>
  </datafield>
  <datafield tag="700" ind1=" " ind2=" ">
    <subfield code="a">Bhaskara Rao, D.</subfield>
    <subfield code="e">Editor</subfield>
  </datafield>
  <datafield tag="700" ind1=" " ind2=" ">
    <subfield code="a">Sambasiva Rao, K.R.S.</subfield>
    <subfield code="e">Editor</subfield>
  </datafield>
  <datafield tag="942" ind1=" " ind2=" ">
    <subfield code="2">ddc</subfield>
    <subfield code="c">BK</subfield>
  </datafield>
  <datafield tag="999" ind1=" " ind2=" ">
    <subfield code="c">18488</subfield>
    <subfield code="d">18488</subfield>
  </datafield>
  <datafield tag="952" ind1=" " ind2=" ">
    <subfield code="0">0</subfield>
    <subfield code="1">0</subfield>
    <subfield code="2">ddc</subfield>
    <subfield code="4">0</subfield>
    <subfield code="7">0</subfield>
    <subfield code="8">TXB</subfield>
    <subfield code="a">CURAJ</subfield>
    <subfield code="b">CURAJ</subfield>
    <subfield code="d">2018-04-19</subfield>
    <subfield code="e">EDU</subfield>
    <subfield code="l">4</subfield>
    <subfield code="o">370.954 C97C</subfield>
    <subfield code="p">30803</subfield>
    <subfield code="r">2022-04-13</subfield>
    <subfield code="s">2022-04-13</subfield>
    <subfield code="w">2020-09-02</subfield>
    <subfield code="y">BK</subfield>
  </datafield>
  <datafield tag="952" ind1=" " ind2=" ">
    <subfield code="0">0</subfield>
    <subfield code="1">0</subfield>
    <subfield code="2">ddc</subfield>
    <subfield code="4">0</subfield>
    <subfield code="7">0</subfield>
    <subfield code="8">TXB</subfield>
    <subfield code="a">CURAJ</subfield>
    <subfield code="b">CURAJ</subfield>
    <subfield code="d">2022-05-25</subfield>
    <subfield code="e">EDU</subfield>
    <subfield code="l">1</subfield>
    <subfield code="o">370.954 C97C</subfield>
    <subfield code="p">36869</subfield>
    <subfield code="r">2025-02-28</subfield>
    <subfield code="s">2024-12-20</subfield>
    <subfield code="w">2022-05-25</subfield>
    <subfield code="y">BK</subfield>
  </datafield>
  <datafield tag="952" ind1=" " ind2=" ">
    <subfield code="0">0</subfield>
    <subfield code="1">0</subfield>
    <subfield code="2">ddc</subfield>
    <subfield code="4">0</subfield>
    <subfield code="7">0</subfield>
    <subfield code="8">TXB</subfield>
    <subfield code="a">CURAJ</subfield>
    <subfield code="b">CURAJ</subfield>
    <subfield code="d">2022-05-25</subfield>
    <subfield code="e">EDU</subfield>
    <subfield code="l">2</subfield>
    <subfield code="o">370.954 C97C</subfield>
    <subfield code="p">36868</subfield>
    <subfield code="r">2024-11-06</subfield>
    <subfield code="s">2024-10-25</subfield>
    <subfield code="w">2022-05-25</subfield>
    <subfield code="y">BK</subfield>
  </datafield>
</record>
